00483nam a22001577a 450000500170000002000220001703500230003903700130006210000220007524500970009725000180019426000500021230000260026270000160028870000210030420180827144342.0 a0074631209c00.00 aA-904520, A-904523 aDPLbENG aFinkelstein, Rich aOracle power objects developer's guide /cby Rich Finkelstein, Kasu Sista and Rick Greenwald a2nd rpr. 1997 aNew DelhibTata McGraw-Hill Publishing c1997 axxvii, 428p.c24 cms. aSista, Kasu aGreenwald, Rick